000 01204nam a2200229Ia 4500
999 _c34940
_d34940
001 768
003 GE_BSU
005 20220922123223.0
008 181216s1989||||ge |||||||||||||| ||geo||
040 _cGE_BSU
041 _ageo
080 _a94(479.22),,18'' პ–29
100 _aპაპავა, თამარ
_914703
245 _aმარიამ უკანასკნელი დედოფალი საქართველოსი /
_b
_cთამარ პაპავა, აკაკი პაპავა ; [წინასიტყვ. ავტ.: გ. შარაძე].
264 _aთბილისი :
_bსაბჭოთა საქართველო,
_c1989.
300 _a272 გვ.;
_b21 სმ.
500 _aფაქს. გამოც.: ბუენოს-აირეს, 1956. ტექსტი იბეჭდება 1956 წლის გამოცემის მიხედვით.
653 _aსაქართველოს ისტორია
653 _aსაქართველოს ისტორია -- XIX ს
700 _aპაპავა, აკაკი
_eავტორი
_914704
942 _cBK
_2udc